Integrácia podnikateľskej etiky do študijných programov ekonomického zamerania

Salvato in:
Dettagli Bibliografici
Autore principale: Bašistová, Alena
Altri autori: Lešková, Ľubica, 1988-
Natura: Capitolo di libro
Lingua:slovacco
inglese
Soggetti:
Tags: Aggiungi Tag
Nessun Tag, puoi essere il primo ad aggiungerne!!

MARC

LEADER 00000nla a2200000 4500
001 0182862
005 20240502073128.1
041 0 |a slo 
041 0 |a eng 
044 |a SK 
245 1 0 |a Integrácia podnikateľskej etiky do študijných programov ekonomického zamerania  |c Alena Bašistová, Ľubica Lešková 
500 |a Abstrakt 
610 2 0 |a vzdelávanie vysokoškolské 
610 2 0 |a programy študijné 
610 2 0 |a výučba vedecká 
610 2 0 |a vzdelanie ekonomické 
610 2 0 |a etika podnikateľská 
100 1 |a Bašistová, Alena 
700 1 |a Lešková, Ľubica, 1988-